Central Library OPAC University of Rajshahi

The royal demesne in English constitutional history, 1066-1272 / (Record no. 3532)

MARC details
000 -LEADER
fixed length control field 00939cam a22002891 4500
001 - CONTROL NUMBER
control field 3532
003 - CONTROL NUMBER IDENTIFIER
rucl marc code BD-RjUL
005 - DATE AND TIME OF LATEST TRANSACTION
control field 20211208233740.0
008 - FIXED-LENGTH DATA ELEMENTS--GENERAL INFORMATION
fixed length control field 131219t 1950nyu b 001 0 eng
035 ## - SYSTEM CONTROL NUMBER
System control number (BD-RjUL)3566
040 ## - CATALOGING SOURCE
Original cataloging agency DLC
Transcribing agency DLC
Modifying agency DLC
Language of cataloging eng
041 0# - LANGUAGE CODE
Language code of text/sound track or separate title englat
082 00 - DEWEY DECIMAL CLASSIFICATION NUMBER
Classification number 333.3220942
Edition number 16
Author mark and year HOR 1950
100 1# - MAIN ENTRY--PERSONAL NAME
Personal name Hoyt, Robert S.
Fuller form of name (Robert Stuart)
9 (RLIN) 11139
245 14 - TITLE STATEMENT
Title The royal demesne in English constitutional history, 1066-1272 /
Statement of responsibility, etc. Robert S. Hoyt.
260 ## - PUBLICATION, DISTRIBUTION, ETC. (IMPRINT)
Place of publication, distribution, etc. New York :
Name of publisher, distributor, etc. Greenwood Press,
Date of publication, distribution, etc. c1950
300 ## - PHYSICAL DESCRIPTION
Pagination xii, 253 p.
Size 24 cm.
500 ## - GENERAL NOTE
General note English or Latin.
504 ## - BIBLIOGRAPHY, ETC. NOTE
Bibliography, etc Includes bibliographical references.
526 ## - STUDY PROGRAM INFORMATION NOTE
Requested Dept. Political Science
650 #0 - SUBJECT ADDED ENTRY--TOPICAL TERM
Topical term or geographic name as entry element Crown lands
General subdivision Law and legislation
Geographic subdivision Great Britain.
9 (RLIN) 11140
Topical term or geographic name as entry element Constitutional history
Geographic subdivision Great Britain.
9 (RLIN) 6119
Topical term or geographic name as entry element Constitutional history, Medieval.
9 (RLIN) 497
942 ## - ADDED ENTRY ELEMENTS (KOHA)
Source of classification or shelving scheme Dewey Decimal Classification
Koha item type Books
Holdings
Lost status Source of classification or shelving scheme Damaged status Not for loan Collection code Permanent Location Current Location Shelving location Date acquired Source of acquisition Cost, normal purchase price Total Checkouts Full call number Date last seen Copy number Koha item type
  Dewey Decimal Classification   Not For Loan Non-fiction Central Library, University of Rajshahi Central Library, University of Rajshahi Reading Room 25/07/1955 O. U. P. 14.00   333.3220942 HOR 1950 19/12/2013 C-1 Books